| 000 | 00588nam a2200193 u 4500 | ||
|---|---|---|---|
| 005 | 20240529063632.0 | ||
| 008 | 121017s2011 r 000 0 eng d | ||
| 020 | _a9788493842956 | ||
| 035 | _aUPN01000187677 | ||
| 049 | _aI | ||
| 050 | 4 |
_aPQ8098.21 R3.3 _bB4.7 |
|
| 100 | 1 |
_aKrahn, Fernando, _d1935-2010 _933111 |
|
| 245 | 1 | 0 |
_aBernardo y Canelo / _cFernando Krahn. |
| 260 |
_aBarcelona, Esp. : _bEkaré, _c2011. |
||
| 300 |
_a[24] p. : _bprincipalmente il. col. |
||
| 650 | 4 |
_aLiteratura infantil chilena _915614 |
|
| 650 | 4 |
_aCirco _vLiteratura infantil _921760 |
|
| 905 | _aInfantil | ||
| 999 |
_c159780 _d159780 |
||